Test Match Cricket Highest Scores - Statistics

General Stats
  • This quiz has been taken 212 times
  • The average score is 15 of 31
Answer Stats
Answer Country Year Score % Correct
Brian Lara West Indies 2004 400*
97%
Brian Lara West Indies 1994 375
97%
Don Bradman Australia 1930 334
75%
Don Bradman Australia 1934 304
75%
Matthew Hayden Australia 2003 380
73%
David Warner Australia 2019 335*
67%
Kumar Sangakkara Sri Lanka 2014 319
64%
Garfield Sobers West Indies 1958 365*
62%
Michael Clarke Australia 2012 329*
59%
Chris Gayle West Indies 2010 333
58%
Chris Gayle West Indies 2005 317
58%
Graham Gooch England 1990 333
58%
Mahela Jayawardene Sri Lanka 2006 374
58%
Virender Sehwag India 2008 319
52%
Virender Sehwag India 2004 309
52%
Younis Khan Pakistan 2009 313
52%
Hashim Amla South Africa 2012 311*
48%
Brendan McCullum New Zealand 2014 302
44%
Mark Taylor Australia 1998 334*
44%
Inzamam-ul Haq Pakistan 2002 329
43%
Sanath Jayasuriya Sri Lanka 1997 340
43%
Len Hutton England 1938 364
41%
Karun Nair India 2016 303*
28%
Azhar Ali Pakistan 2016 302*
27%
Wally Hammond England 1933 336*
26%
Hanif Mohammad Pakistan 1958 337
23%
Bob Simpson Australia 1964 311
21%
John Edrich England 1965 310*
19%
Lawrence Rowe West Indies 1974 302
16%
Bob Cowper Australia 1966 307
14%
Andy Sandham England 1930 325
11%
No matching quizzes found
Score Distribution
Percent of People with Each Score
Percentile by Number Answered
Your Score History
You have not taken this quiz